000 00701nam a2200289Ia 4500
005 20260324142933.0
008 008 260324s9999 xx 000 0 eng d
020 _a9781003421160
037 _aEBOOK
040 _aCRL
040 _beng
040 _cCRL
041 _2eng
041 _aeng
084 _qCRL
100 _aMilton L. Mueller
_91213788
245 0 _aTelephone Companies in Paradise
245 2 _bA Case Study in Telecommunications Deregulation
260 _bTaylor and Francis
260 _c1993
365 _a
365 _b145
856 _uhttp://www.taylorfrancis.com/books/9781003421160
942 _cEBOOK
999 _c1818583
_d1818583